000 00265nam a22001217a 4500
003 SGT
082 _a343.0999
_bUNI
100 _aUNIVERSAL
245 _aTHE INFORMATION TECHNOLOGY ACT 2000
260 _aGURUGRAM
_bUNIVERSAL
_c2026
300 _a307
942 _2ddc
_cBK
999 _c34082
_d34082